000 00829nam a22002057a 4500
999 _c12027
_d12027
003 AR-CdUCM
008 190405b ||||| |||| 00| 0 spa d
040 _aMUNICIPALIDAD PROVINCIAL DEL CUSCO
_cBIBLIOTECA MUNICIPAL DEL CUSCO
082 _a781.9182 /
_bV63 / 1948
100 _aViggiano Esain, Julio
_929679
245 _aIntrumentología musical popular argentina :
_bVigencias de origen indígena /
260 _aArgentina :
_bImprenta de la universidad Cordova,
_c1948.
300 _a170 páginas ;
_bIlustraciones,
_c23 cm.
505 _aContenido: Instrumentos aerofonos -- Instrumentos cordofonos -- Instrumentos membranofonos -- Instrumentos idiofonos o autofonos.
650 _aInstrumentos
_98778
650 _aMúsica indígena
_929680
650 _aMúsica argentina
_929681
942 _2ddc
_cLIBROS
945 _adavv